000 01278nam a2200361Ia 4500
005 20220317000307.0
007 ta
008 210827s20092017sp a0 sbr s 01dspa d
020 _a9788493750626
040 _aCO-BoRNBP
_bspa
_erda
_cCO-BoRNBP
041 1 _aspa
_heng
084 _aA LIA1
100 1 _aLiao, Jimmy
_d1958-
_eautor
245 1 3 _aLa noche estrellada
_cJimmy Liao ; traducido del chino Jordi Ainaud i Escudero
250 _aPrimera edición
264 1 _aMadrid
_bBarbara Fiore Editora
_c2009
_c2017
300 _a[94] páginas sin numerar
_bilustraciones
_c26 cm
336 _atexto
_btxt
_2rdacontent
337 _asin mediación
_bn
_2rdamedia
338 _avolumen
_bnc
_2rdacarrier
521 _aRecomendado para un público infantil mayor de 9 años
534 _tThe starry night
545 _aIncluye datos biográficos del autor en la solapa
650 1 7 _aÁlbumes infantiles chinos
_ySiglo XX
_2LEMB
650 1 7 _aLiteratura infantil china
_ySiglo XX
_2LEMB
650 1 7 _aAutores chinos
_ySiglo XX
_2LEMB
650 1 7 _aPintores
_yÁlbum
_2LEMB
650 1 7 _aEstrellas
_vÁlbum
_2LEMB
650 1 7 _aImaginación
_vÁlbum
_2LEMB
650 1 7 _aFantasía
_vÁlbum
_2LEMB
700 1 _aAinaud i Escudero, Jordi
_etraductor
_9185742
942 _2loc
_cBKLIT
999 _c3647
_d3647